People come first : user-centered academic library service /

Bibliographic Details
Other Authors: Montanelli, Dale S., Stenstrom, Patricia
Format: Book
Language:English
Published: Chicago : Association of College and Research Libraries, 1999.
Series:ACRL publications in librarianship ; no. 53.
Subjects:

MARC

Tag First Indicator Second Indicator Subfields
LEADER 00000cam a2200000 a 4500
001 in00001489708
005 20151021071309.0
008 981110s1999 ilu b 001 0 eng
010 |a  98043719  
020 |a 0838979998 (alk. paper) 
035 |a (OCoLC)40354608 
035 |9 AJH1823AM 
040 |a DLC  |c DLC  |d TXA  |d UtOrBLW 
049 |a TXAM 
050 0 0 |a Z674  |b .A75 no. 53  |a Z675.U5 
082 0 0 |a 027.7  |2 21 
090 |a Z674  |b .A75 no. 53 
245 0 0 |a People come first :  |b user-centered academic library service /  |c edited by Dale S. Montanelli & Patricia F. Stenstrom. 
264 1 |a Chicago :  |b Association of College and Research Libraries,  |c 1999. 
300 |a viii, 194 pages ;  |c 23 cm. 
336 |a text  |b txt  |2 rdacontent 
337 |a unmediated  |b n  |2 rdamedia 
338 |a volume  |b nc  |2 rdacarrier 
490 1 |a ACRL publications in librarianship ;  |v no. 53 
504 |a Includes bibliographical references and index. 
650 0 |a Academic libraries  |z United States. 
650 0 |a Public services (Libraries)  |z United States. 
700 1 |a Montanelli, Dale S. 
700 1 |a Stenstrom, Patricia. 
830 0 |a ACRL publications in librarianship ;  |v no. 53. 
948 |a c:ce 
999 |a MARS 
999 f f |s b2058c0f-4bd3-3ffa-9dd3-0a23dce5a350  |i 995fb72a-d603-351c-a9d7-04047c56a5bf  |t 0 
952 f f |p normal  |a Texas A&M University  |b College Station  |c Sterling C. Evans Library  |d Evans: Library Stacks  |t 0  |e Z674 .A75 no.53  |h Library of Congress classification  |i unmediated -- volume  |m A14825047561 
998 f f |a Z674 .A75 no.53  |t 0  |l Evans: Library Stacks